00309nam a2200121Ia 4500008004100000041000800041082001900049100002100068245004500089260002200134300002400156365000700180240624s9999 xx 000 0 und d aeng a808.066378 LUN aLUNENBURG FRED C aWRITING A SUCCESSFUL THESIS OF DISSERTAT aNew DelhibCorwin a333 : p. : cm. ; 24 cRS